| 000 | 00597nam a2200229Ia 4500 | ||
|---|---|---|---|
| 001 | 12267 | ||
| 003 | GE_BSU | ||
| 008 | 181216s||||||||xx |||||||||||||| ||und|| | ||
| 020 | _a9783642113614 | ||
| 040 | _cGE_BSU | ||
| 080 | _a631.1+338.48 | ||
| 100 | _aSidali, Laura Achim Spiller | ||
| 245 | _aFood,Agri-Culture an Tourism | ||
| 245 | _bLinking Local gastronomy and rural tourism | ||
| 260 | _aLondon | ||
| 260 | _c2011 | ||
| 300 | _a197p.ill.24cm. | ||
| 541 | _h324Gel. | ||
| 653 | _aFood,Agri-Culture an Tourism | ||
| 653 | _aLinking Local gastronomy and rural tourism | ||
| 942 | _cBK | ||
| 999 |
_c45443 _d45443 |
||